| 000 | 00770nam a22002057a 4500 | ||
|---|---|---|---|
| 005 | 20240530110447.0 | ||
| 008 | 150429s2007 ua a f 000 0 ara d | ||
| 017 |
_a2007/2356 _bمصر . دار الكتب المصرية |
||
| 020 | _a9774195701 | ||
| 040 | _aEG-CaGPL | ||
| 082 | 0 | 4 |
_221 _a923.10962 _bق/ا م |
| 100 | 0 | _aالصاوى حبيب. | |
| 245 | 1 | 0 |
_aمذكرات طبيب عبدالناصر / _cالصاوى حبيب. |
| 260 |
_aالقاهرة : _bالهيئة المصرية العامة للكتاب ، _c2007. |
||
| 300 |
_a251 ص : _bايض ؛ _c24 سم. |
||
| 600 | 0 | 4 |
_aالصاوى حبيب _vمذكرات. |
| 600 | 0 | 4 |
_aجمال عبدالناصر _xالاحوال الصحية. |
| 942 |
_2ddc _cBK |
||
| 999 |
_c61175 _d61175 |
||